Bhoot (Record no. 34353)
[ view plain ]
| 000 -LEADER | |
|---|---|
| fixed length control field | 02429ngm a2200445 4500 |
| 003 - CONTROL NUMBER IDENTIFIER | |
| control field | dpl |
| 005 - DATE AND TIME OF LATEST TRANSACTION | |
| control field | 20100303134448.0 |
| 007 - PHYSICAL DESCRIPTION FIXED FIELD--GENERAL INFORMATION | |
| fixed length control field | DVD |
| 008 - FIXED-LENGTH DATA ELEMENTS--GENERAL INFORMATION | |
| fixed length control field | ||||||sp199 xxu|||||c ||| 00| 0 ng d |
| 010 ## - LIBRARY OF CONGRESS CONTROL NUMBER | |
| LC control number | DVD-005794-5795 & DVD-6344-6347 |
| 024 ## - OTHER STANDARD IDENTIFIER | |
| Terms of availability | 45.00 |
| Standard number or code | TSDVD-1142 |
| 035 ## - SYSTEM CONTROL NUMBER | |
| System control number | DVD-005794-5795 |
| 035 ## - SYSTEM CONTROL NUMBER | |
| System control number | DVD-006344-6347 |
| 040 ## - CATALOGING SOURCE | |
| Original cataloging agency | DPL |
| Transcribing agency | DPL |
| 082 ## - DEWEY DECIMAL CLASSIFICATION NUMBER | |
| Classification number | DVD / BHOO |
| 245 ## - TITLE STATEMENT | |
| Title | Bhoot |
| Statement of responsibility, etc | Ram Gopal Verma Film Presents |
| Medium | [videorecording] DVD/ |
| 260 ## - PUBLICATION, DISTRIBUTION, ETC. (IMPRINT) | |
| Name of publisher, distributor, etc | Super Cassette Industries |
| 300 ## - PHYSICAL DESCRIPTION | |
| Extent | 1 videodisc DVD; |
| Other physical details | sd., col. ; |
| Dimensions | 4 3/4 in. |
| Type of unit | DVD |
| 440 ## - SERIES STATEMENT/ADDED ENTRY--TITLE | |
| Title | T Series Home Entertainment |
| 538 ## - SYSTEM DETAILS NOTE | |
| System details note | Dolby Digital 5.1 - Hindi Subtitles: English |
| 650 ## - SUBJECT ADDED ENTRY--TOPICAL TERM | |
| Topical term or geographic name as entry element | Motion Picture |
| 700 ## - ADDED ENTRY--PERSONAL NAME | |
| Personal name | Nitin Manmohan |
| 700 ## - ADDED ENTRY--PERSONAL NAME | |
| Personal name | Verma, Ramgopal |
| 700 ## - ADDED ENTRY--PERSONAL NAME | |
| Personal name | Sinha, Vishal |
| 700 ## - ADDED ENTRY--PERSONAL NAME | |
| Personal name | Sharma, Sameer |
| 700 ## - ADDED ENTRY--PERSONAL NAME | |
| Personal name | Marathe, Lalit |
| 700 ## - ADDED ENTRY--PERSONAL NAME | |
| Personal name | Devgan, Ajay |
| 700 ## - ADDED ENTRY--PERSONAL NAME | |
| Personal name | Matondkar, Urmila |
| 700 ## - ADDED ENTRY--PERSONAL NAME | |
| Personal name | Nana Patekar |
| 700 ## - ADDED ENTRY--PERSONAL NAME | |
| Personal name | Rekha |
| 942 ## - ADDED ENTRY ELEMENTS (KOHA) | |
| Koha item type | CD-ROMs, DVDs, VHS |
| Source of classification or shelving scheme | Dewey Decimal Classification |
| Classification part | DVD |
| Call number suffix | BHOO |
| Withdrawn status | Lost status | Source of classification or shelving scheme | Damaged status | Not for loan | Home library | Current library | Date acquired | Source of acquisition | Cost, normal purchase price | Total Checkouts | Full call number | Barcode | Date last seen | Date checked out | Copy number | Cost, replacement price | Price effective from | Koha item type |
|---|---|---|---|---|---|---|---|---|---|---|---|---|---|---|---|---|---|---|
| Dewey Decimal Classification | Central Library | Central Library | 03/03/2010 | Pioneers/1003/17-11-09/325/13-10-09 /30-11-09 | 45.00 | 19 | DVD BHOO | DVD-005794 | 25/03/2019 | 11/03/2019 | 1 | 45.00 | 03/03/2010 | CD-ROMs, DVDs, VHS | ||||
| Dewey Decimal Classification | Karol Bagh | Karol Bagh | 11/03/2010 | Pioneers/1099/25-12-09/325/13-10-09 /30-12-09 | 45.00 | 5 | DVD BHOO | DVD-006347 | 10/02/2014 | 27/01/2014 | 1 | 45.00 | 11/03/2010 | CD-ROMs, DVDs, VHS | ||||
| Dewey Decimal Classification | Patel Nagar | Patel Nagar | 03/03/2010 | Pioneers/1003/17-11-09/325/13-10-09 /30-11-09 | 45.00 | 6 | DVD BHOO | DVD-005795 | 28/02/2013 | 25/02/2013 | 1 | 45.00 | 03/03/2010 | CD-ROMs, DVDs, VHS | ||||
| Dewey Decimal Classification | R.K.Puram-8 | R.K.Puram-8 | 11/03/2010 | Pioneers/1099/25-12-09/325/13-10-09 /30-12-09 | 45.00 | 3 | DVD BHOO | DVD-006345 | 17/01/2013 | 08/01/2013 | 1 | 45.00 | 11/03/2010 | CD-ROMs, DVDs, VHS | ||||
| Dewey Decimal Classification | Sarojini Nagar | Sarojini Nagar | 11/03/2010 | Pioneers/1099/25-12-09/325/13-10-09 /30-12-09 | 45.00 | 9 | DVD BHOO | DVD-006344 | 22/09/2012 | 08/09/2012 | 1 | 45.00 | 11/03/2010 | CD-ROMs, DVDs, VHS | ||||
| Dewey Decimal Classification | Vinoba Puri | Vinoba Puri | 11/03/2010 | Pioneers/1099/25-12-09/325/13-10-09 /30-12-09 | 45.00 | 5 | DVD BHOO | DVD-006346 | 02/04/2014 | 01/04/2014 | 1 | 45.00 | 11/03/2010 | CD-ROMs, DVDs, VHS |
